LEADER 01317nam--2200397---450- 001 990000404130203316 005 20090805094454.0 010 $a88-14-01935-5 035 $a0040413 035 $aUSA010040413 035 $a(ALEPH)000040413USA01 035 $a0040413 100 $a20010418d1989----km-y0itay0103----ba 101 $ait 102 $aITA 105 $a||||||||001yy 200 1 $a<> avvio della nuova provincia regionale in Sicilia$eatti del Convegno organizzato dal Dipartimento di studi politici$eCatania, 25 e 26 marzo 1989$fGiuseppe Barone, Vittorio Ottaviano 210 $aMilano$cGiuffré$d1989 215 $aVII, 314 p.$d26 cm 410 $12001 606 0 $aSicilia$xOrdinamento regionale 676 $a342.458 700 1$aBARONE,$bGiuseppe$0290853 701 1$aOTTAVIANO,$bVittorio$0233046 801 0$aIT$bsalbc$gISBD 912 $a990000404130203316 951 $a353.9 BAR 2 (IG IV 783)$b65541 EC$cIG IV 783$d00237820 959 $aBK 969 $aECO 979 $aPATTY$b90$c20010418$lUSA01$h1653 979 $aPATTY$b90$c20010418$lUSA01$h1703 979 $c20020403$lUSA01$h1648 979 $aPATRY$b90$c20040406$lUSA01$h1628 979 $aRSIAV2$b90$c20090805$lUSA01$h0944 996 $aAvvio della nuova provincia regionale in Sicilia$9874433 997 $aUNISA LEADER 01843nas 2200625-a 450 001 996218571403316 005 20230215213018.0 011 $a2230-6021 035 $a(OCoLC)47294905 035 $a(CKB)110985822459992 035 $a(CONSER)--2006266566 035 $a(EXLCZ)99110985822459992 100 $a20010713b20012005 s-- - 101 0 $aeng 135 $aurcnu|||||||| 181 $ctxt$2rdacontent 182 $cc$2rdamedia 183 $acr$2rdacarrier 200 10$aAmerican journal of pharmacogenomics 210 $a[Mairangi Bay, Auckland, N.Z.] $cAdis International$d2001-2005 300 $aRefereed/Peer-reviewed 300 $aTitle from journal information screen (viewed July 9, 2001). 311 $a1175-2203 531 $aAM J PHARMACOGENOMICS 606 $aPharmacogenomics$vPeriodicals 606 $aGene Therapy$vPeriodicals 606 $aGenetic Therapy 606 $aPharmacogenetics$vPeriodicals 606 $aGene Therapy$vPeriodicals 606 $aGenomics$vPeriodicals 606 $aPharmacogenetics$vPeriodicals 606 $aGenetic Therapy$vPeriodicals 606 $aGenomics$vPeriodicals 606 $aPharmacogenetics 606 $aGenomics 606 $aPharmacogenomics$2fast$3(OCoLC)fst01060245 608 $aPeriodical. 608 $aPeriodicals.$2fast 615 0$aPharmacogenomics 615 22$aGene Therapy 615 22$aGenetic Therapy. 615 2$aPharmacogenetics 615 2$aGene Therapy 615 2$aGenomics 615 12$aPharmacogenetics 615 22$aGenetic Therapy 615 22$aGenomics 615 12$aPharmacogenetics. 615 22$aGenomics. 615 7$aPharmacogenomics. 676 $a615.19 906 $aJOURNAL 912 $a996218571403316 996 $aAmerican journal of pharmacogenomics$92425114 997 $aUNISA